El vestido azul (Record no. 10)

MARC details
000 -LEADER
campo de control de longitud fija 00791nam a22002417i 4500
003 - IDENTIFICADOR DE NÚMERO DE CONTROL
campo de control OSt
005 - FECHA Y HORA DE LA ÚLTIMA TRANSACCIÓN
campo de control 20250819082237.0
008 - DATOS DE LONGITUD FIJA--INFORMACIÓN GENERAL
campo de control de longitud fija 250814s2018 sp ||||| |||| 00| 0bspa d
020 ## - NÚMERO INTERNACIONAL ESTÁNDAR DEL LIBRO
Número Internacional Estándar del Libro 978-84-16291-65-6
040 ## - FUENTE DE CATALOGACIÓN
Centro/agencia transcriptor Biblioteca de ejemplo
100 1# - ENTRADA PRINCIPAL--NOMBRE DE PERSONA
Nombre de persona Desbordes, Michèle
Fechas asociadas al nombre 1940-2006
Término indicativo de función/relación Autora
9 (RLIN) 20
240 13 - TÍTULO UNIFORME
Título uniforme La robe bleue
Lenguaje de la obra español
245 13 - MENCIÓN DEL TÍTULO
Título El vestido azul
Resto del título :
Mención de responsabilidad, etc. / Michèle Desbordes ; traducción de David M. Copé
250 ## - MENCION DE EDICION
Mención de edición 1ª ed.
260 ## - PUBLICACIÓN, DISTRIBUCIÓN, ETC.
Lugar de publicación, distribución, etc. Cáceres
Nombre del editor, distribuidor, etc. Periférica
Fecha de publicación, distribución, etc. 2018
300 ## - DESCRIPCIÓN FÍSICA
Extensión 146 p.
Dimensiones 21 cm
490 0# - MENCIÓN DE SERIE
Mención de serie Largo recorrido
Designación de volumen o secuencia 126
500 ## - NOTA GENERAL
Nota general Colaboración de Elena García Cañibano
600 10 - PUNTO DE ACCESO ADICIONAL DE MATERIA--NOMBRE DE PERSONA
Nombre de persona Claudel, Camille
Fechas asociadas al nombre 1864-1943
9 (RLIN) 21
700 1# - ENTRADA AGREGADA--NOMBRE PERSONAL
Nombre de persona Copé, David M.
9 (RLIN) 22
Término indicativo de función/relación traductor
700 ## - ENTRADA AGREGADA--NOMBRE PERSONAL
Nombre de persona García Cañibano, Elena
Fechas asociadas al nombre (1977-)
Término indicativo de función/relación colaboradora
9 (RLIN) 8
942 ## - ELEMENTOS DE ENTRADA SECUNDARIOS (KOHA)
Fuente de la clasificación o esquema de estantería Clasificación Decimal Dewey
Tipo de ítem Koha Monografías
Suprimir en OPAC No
Holdings
Estatus retirado Estado de pérdida Fuente de la clasificación o esquema de estantería Estado de daño No para préstamo Colección Biblioteca de origen Biblioteca actual Fecha de adquisición Total de préstamos Signatura topográfica completa Código de barras Fecha de vencimiento Visto por última vez Fecha del último préstamo Precio de reemplazo Tipo de ítem Koha
    Clasificación Decimal Dewey     No ficción Centerville Centerville 14/08/2025 4 929 Claudel, Camille 12345 19/08/2025 19/08/2025 19/08/2025 14/08/2025 Monografías